Normal view MARC view
  • AUTOMOTIVE HANDBOOK.AUTOMOTIVE HYDRAULICS AND PNEUMATICS.WORKSHOP TECHNOLOGY.MOTORSPORTS.VEHICLE LOCKING SYSTEMS.AUTOMOTIVE ELECTRICAL SYSTEMS.VEHICLE BODIES.VEHICLE SAFETY SYSTEMS.CHASSIS SYSTEMS.DIESEL ENGINE MANAGEMENT.ALTERNATIVE SPARK IGNITION.EMISSION CONTROL.INTERNAL COMBUSTION ENGINE.MATERIALS SCIENCE

Entry Topical Term

Number of records used in: 1

001 - CONTROL NUMBER

  • control field: 62447

003 - CONTROL NUMBER IDENTIFIER

  • control field: NUST

005 - DATE AND TIME OF LATEST TRANSACTION

  • control field: 20210628202935.0

008 - FIXED-LENGTH DATA ELEMENTS

  • fixed length control field: 210628|| aca||aabn | a|a d

040 ## - CATALOGING SOURCE

  • Original cataloging agency: NUST
  • Transcribing agency: NUST

150 ## - HEADING--TOPICAL TERM

  • Topical term or geographic name entry element: AUTOMOTIVE HANDBOOK.AUTOMOTIVE HYDRAULICS AND PNEUMATICS.WORKSHOP TECHNOLOGY.MOTORSPORTS.VEHICLE LOCKING SYSTEMS.AUTOMOTIVE ELECTRICAL SYSTEMS.VEHICLE BODIES.VEHICLE SAFETY SYSTEMS.CHASSIS SYSTEMS.DIESEL ENGINE MANAGEMENT.ALTERNATIVE SPARK IGNITION.EMISSION CONTROL.INTERNAL COMBUSTION ENGINE.MATERIALS SCIENCE

670 ## - SOURCE DATA FOUND

  • Source citation: Work cat.: (NUST): Bosch 41318, Automotive handbook, 2004
© 2023 Central Library, National University of Sciences and Technology. All Rights Reserved.